Religion by Letter - A - Statistics

General Stats
  • This quiz has been taken 359 times
    269 since last reset
  • The average score is 16 of 22
Answer Stats
Hint Answer % Correct
Language in which Quran is written Arabic
98%
Last word in the Lord's Prayer Amen
97%
Muslim name for the one and only God Allah
95%
Disbelief of God's existence Atheism
92%
Religious group that shuns many modern inventions Amish
89%
Greek goddess of wisdom Athena
89%
Jew who made a covenant with God Abraham
83%
Belief that neither denies or approves the existence of god Agnosticism
82%
Members of the Church of England Anglicans
82%
Greek goddess of beauty Aphrodite
81%
New World empire whose religion included human sacrifice Aztec
80%
Term for one of Jesus's 12 disciples Apostle
78%
Structure upon which offerings are made for religious purposes Altar
71%
First country to adopt Christianity Armenia
68%
Title once held by Ruhollah Khomeini Ayatollah
64%
Muhammad's successor (to Shiites) Ali
61%
World's largest temple Angkor Wat
61%
Land of the Norse gods Asgard
58%
French city once home to the Papacy Avignon
53%
The doctrine that all natural objects have souls Animism
46%
Bishop of Hippo who wrote "Confessions" Augustine of Hippo
44%
Animal embodiment of a Hindu god Avatar
39%
No matching quizzes found
Score Distribution
Percent of People with Each Score
Percentile by Number Answered
Your Score History
You have not taken this quiz since the last reset